|
|
|
|
| LEADER |
01686nam a2200301 a 4500 |
| 001 |
4503326 |
| 008 |
090525s1997 bg ab b 001 0 eng d |
| 999 |
|
|
|c 1011
|d 1011
|
| 010 |
|
|
|a 97906373
|
| 020 |
|
|
|a 9840513753
|
| 040 |
|
|
|a DLC
|c DLC
|
| 082 |
0 |
0 |
|a 582.13/095492
|2 21
|
| 100 |
1 |
|
|a Ahmed, Noazesh.
|9 43400
|
| 245 |
1 |
0 |
|a Wild flowers of Bangladesh /
|c Noazesh Ahmed ; photography, Noazesh Ahmed, Aly Zaker.
|
| 260 |
|
|
|a Dhaka :
|b University Press,
|c 1997.
|
| 300 |
|
|
|a 142 pages :
|b col. ill., col. maps ;
|c 28 cm.
|
| 504 |
|
|
|a Includes bibliographical references (p. [133]) and index.
|
| 541 |
1 |
|
|e 0013295
|
| 650 |
|
0 |
|a Wild flowers
|z Bangladesh.
|9 43401
|
| 650 |
|
0 |
|a Wild flowers
|z Bangladesh
|x Identification.
|9 43402
|
| 650 |
|
0 |
|a Wild flowers
|z Bangladesh
|x Pictorial works.
|9 43403
|
| 700 |
1 |
|
|a Zaker, Aly.
|9 43404
|
| 852 |
4 |
|
|a Ayesha Abed Library
|j BIED Collection
|
| 942 |
|
|
|2 ddc
|c BK
|
| 952 |
|
|
|0 0
|1 0
|2 ddc
|4 0
|6 582_130954920000000_AHM
|7 0
|9 918
|a BRACUL
|b BRACUL
|c GEN
|d 2009-06-23
|g 800.00
|l 2
|m 14
|o 582.13095492 AHM
|p 3010013295
|r 2024-09-02
|s 2024-06-02
|t 1
|v 1600.00
|w 2009-06-23
|y BK
|
| 952 |
|
|
|0 0
|1 0
|2 ddc
|4 0
|6 582_130954920000000_AHM
|7 0
|9 10327
|a BRACUL
|b BRACUL
|c GEN
|d 2010-05-18
|g 800.00
|l 2
|m 7
|o 582.13095492 AHM
|p 3010013296
|r 2017-12-19
|s 2017-10-16
|t 2
|w 2010-05-18
|y BK
|
| 952 |
|
|
|0 0
|1 0
|2 ddc
|4 0
|6 582_130954920000000_AHM_1997
|7 0
|9 10328
|a BRACUL
|b BRACUL
|c GEN
|d 2010-05-18
|l 2
|m 25
|o 582.13095492 AHM
|p 3010007398
|r 2024-11-11
|s 2024-06-06
|t 3
|w 2010-05-18
|y BK
|
| 952 |
|
|
|0 0
|1 0
|2 ddc
|4 0
|6 582_130954920000000_AHM
|7 0
|9 66466
|a BRACUL
|b BRACUL
|c GEN
|d 2019-09-23
|e Complimentary copy from BIED
|l 2
|m 8
|o 582.13095492 AHM
|p 3010035453
|r 2026-04-21
|s 2026-04-02
|t 4
|w 2019-09-23
|y BK
|x Transferred from BIED to General Stacks
|